000 00663nam a2200241Ia 4500
003 OSt
005 20220924124100.0
006 a|||||r|||| 00| 0
007 ta
008 220923b |||||||| |||| 00| 0 urd d
020 _c350.00
024 _a317998
037 _cTextual
040 _aARTS
_cARTS
_burd
041 _2urd
_aurd
082 _aO168,3N141:g, N6
100 _aJaved Suleman Au.
_9194735
245 0 _aAzeez ahmad ke afsane
260 _aNew Delhi
_b Modern publishing house India
_c1996
650 _aURDU FICTION
_93298
942 _hO168,3N141:g, N6
_cTEXL
_2CC
999 _c418297
_d418297